| 000 | 00449cam a22001337a 4500 | ||
|---|---|---|---|
| 008 | 180718b1956 xxu||||| |||| 00| 0 eng d | ||
| 082 | _aA6x54 O4 C452m | ||
| 245 |
_aMalwan residenty: Savantvadi affairs, 1812-1819 _cedited by R.D. Choksey |
||
| 260 |
_aPoona _bThe Author _c1956 |
||
| 300 | _a142p. | ||
| 500 | _aSelect documents from the Ratnegiri Collector's Files (Peshwa Daftar) | ||
| 650 | _aIndia - History, 1674-1818 | ||
| 700 | _aChoksey, R.D. | ||
| 999 |
_c362291 _d362291 |
||